El conocimiento silencioso / (Registro nro. 12752)

Detalles MARC
000 -LIDER
fixed length control field 00818nam a22002657a 4500
003 - IDENTIFICACDOR DE NÚMERO DE CONTROL
control field DO-SdBNP
005 - DATE AND TIME OF LATEST TRANSACTION
control field 20231031095038.0
008 - ELEMENTOS DE LONGITUD FIJA
fixed length control field 171102b1998 sp 00| 0 spa d
020 ## - ISBN
International Standard Book Number 8488242107
040 ## - FUENTE DE CATALOGACIÓN
Agencia que crea de manera original el registro BPMSU
Idioma de catalogación spa
Agencia que realiza la transcripción BPMSU
082 #4 - NÚMERO DE CLASIFICACIÓN DECIMAL DE DEWEY
Classification number 133.4
Item number C346c 1998
Edition number 22
100 1# - ASIENTO PRINCIPAL -- NOMBRE PERSONAL
Nombre personal Castaneda, Carlos
Fechas asociadas con el nombre 1935-1998.
245 13 - MENCIÓN DE TITULO
Título El conocimiento silencioso /
Mención de responsabilidad Carlos Castaneda
250 ## - MENCIÓN DE EDICION
Mención de edición 4a. ed.
260 ## - PUBLICACIÓN, DISTRIBUCIÓN, ETC. (PIE DE IMPRENTA)
Lugar de publicación, distribución, etc Madrid :
Nombre del editor, distribuidor, etc. Gaia Ediciones ,
Fecha de publicación, distribución, etc 1998.
300 ## - DESCRIPCIÓN FÍSICA
Extensión 301 p. ;
Dimensiones 22 cm.
490 0# - MENCIÓN DE SERIES
Mención de serie Nagual
534 ## - NOTA SOBRE LA VERSIÓN ORIGINAL
Asiento principal del original Título original.
Mención del título original The power of silence. <br/>600 17$aMatus, Juan, $d1881- $2BLAAUTO
590 ## - NOTA LOCAL
Texto de la nota local Inventariado, 2023/VM
600 14 - ENCABEZAMIENTO DE MATERIA--NOMBRE PERSONAL
Nombre personal Matus, Juan,
Fechas asociadas con el nombre 1881-
650 #4 - ENCABEZAMIENTO DE MATERIA--TEMÁTICO
Término temático o nombre geográfico como elemento de entrada Teoría del conocimiento.
650 #4 - ENCABEZAMIENTO DE MATERIA--TEMÁTICO
Término temático o nombre geográfico como elemento de entrada Brujería
Subdivisión geográfica Mexico
910 ## - VALIDACIÓN
Validación VMateo V. Control de calidad. BPMSU
942 ## - ADDED ENTRY ELEMENTS (KOHA)
Source of classification or shelving scheme Dewey Decimal Classification
Koha item type Libros
Existencias
Withdrawn status Lost status Source of classification or shelving scheme Damaged status Not for loan Collection code Home library Current library Date acquired Total Checkouts Full call number Barcode Date last seen Price effective from Koha item type
    Dewey Decimal Classification     Colección General Biblioteca Pública Metropolitana Salomé Ureña Biblioteca Pública Metropolitana Salomé Ureña 11/02/2017   BPMSU CG 133.4 C346c 1998 BPMSU17110031 11/02/2017 11/02/2017 Libros